| 000 | 00828nam a2200265 4500 | ||
|---|---|---|---|
| 003 | OSt | ||
| 005 | 20260601193841.0 | ||
| 008 | 260421b1985 sp a|||| |||| 00| 0 spa d | ||
| 020 | _a8425212146 | ||
| 040 |
_aICI _bspa _cICI |
||
| 050 |
_aNA2750 _bC4618 |
||
| 100 | _aChristopher Jones, John, | ||
| 240 | 1 |
_aEssays in design _lEspañol |
|
| 245 | 1 |
_aDiseñar el diseño / _cJohn christopher Jones ; vers, castellana de iris Menéndez |
|
| 264 |
_bGustavo Gili, _c1985 _aBarcelona : |
||
| 300 | _a335 páginas | ||
| 336 |
_atexto _2rdacontent |
||
| 337 |
_asin medio _2rdamedia |
||
| 338 |
_avolumen _2rdacarrier |
||
| 490 | 0 | _aGG Diseño | |
| 650 |
_aArquitectura _vDiseños y planos |
||
| 700 | 1 |
_aMenéndez, Iris, _etraductor |
|
| 700 | 1 |
_aChristopher Jones, John. _tEssays in design _iTraducción de: |
|
| 942 |
_2lcc _cB _n1 |
||
| 999 |
_c21448 _d21448 |
||